Europa: socio del mundo: relaciones exteriores de la Comunidad Europea
Sparad:
| Institutionell upphovsman: | |
|---|---|
| Materialtyp: | Bok |
| Språk: | spanska |
| Publicerad: |
Luxemburgo
Oficina de Publicaciones Oficiales de las Comunidades Europeas
1991
|
| Serie: | Europa en Movimiento
|
| Ämnen: | |
| Taggar: |
Lägg till en tagg
Inga taggar, Lägg till första taggen!
|
MARC
| LEADER | 00000nam a2200000 a 4500 | ||
|---|---|---|---|
| 001 | UCY1070 | ||
| 003 | CL-VaPUC | ||
| 008 | 940820e19910000LU |||||||||||||||||spa|d | ||
| 082 | 0 | 4 | |a 382.914 |b COM |2 21 |
| 110 | 2 | |a Comisión de las Comunidades |e author |9 328935 | |
| 245 | 1 | 0 | |a Europa: socio del mundo: relaciones exteriores de la Comunidad Europea |
| 300 | |a 36 p | ||
| 942 | |c BK | ||
| 945 | |d 19940820 00:00:00 |a oaravena | ||
| 260 | |a Luxemburgo |b Oficina de Publicaciones Oficiales de las Comunidades Europeas |c 1991 | ||
| 650 | 0 | |a Comunidad Europea |9 255772 | |
| 583 | |a last modification |c 20120821 07:21:56 |k Rodrigo Vera | ||
| 490 | 0 | |a Europa en Movimiento | |
| 999 | |c 229874 |d 229872 | ||
| 952 | |0 0 |1 0 |4 0 |6 382_914000000000000_COM_1991 |7 0 |8 A |9 231585 |a BIBENE |b BIBENE |d 2019-11-15 |i 2950820 |o 382.914 COM 1991 |p 2950820 |r 2025-01-15 |w 2019-11-15 |y BK |k ICO | ||